Urban and regional planning : a systems approach
| Main Author: | |
|---|---|
| Format: | Book |
| Published: |
London :
Faber and Faber Ltd. ,
1969
|
| Subjects: |
MARC
| LEADER | 00000cam a2200000 7i4500 | ||
|---|---|---|---|
| 001 | 0000008909 | ||
| 005 | 20160905.0 | ||
| 020 | |a 0571090052 | ||
| 040 | |a INS | ||
| 090 | 0 | 0 | |a HT166 |b M345 1969 |
| 100 | 0 | |a McLoughlin, J. Brian | |
| 245 | 1 | 0 | |a Urban and regional planning : |b a systems approach |c by J. Brian McLoughlin |
| 260 | |a London : |b Faber and Faber Ltd. , |c 1969 | ||
| 300 | |a 331p ; |c 20cm. | ||
| 500 | |a Includes index | ||
| 650 | 0 | 0 | |a City planning |
| 650 | 0 | 0 | |a Resional planning |
| 999 | |a 0000022059 |b BOOK |c Open Shelf |e Default branch | ||